Traducción del manual de Lingüística Descriptiva: para el curso Introducción a la Lingüística

Đã lưu trong:
Chi tiết về thư mục
Định dạng: Sách
Ngôn ngữ:Undetermined
Được phát hành: San José, Costa Rica Universidad de Costa Rica 1976
Những chủ đề:
Các nhãn: Thêm thẻ
Không có thẻ, Là người đầu tiên thẻ bản ghi này!

MARC

LEADER 00000nam a2200000Ia 4500
008 170316s9999 xx 000 0 und d
090 |a 410 T-4t 
245 |a Traducción del manual de Lingüística Descriptiva: para el curso Introducción a la Lingüística 
260 |a San José, Costa Rica 
260 |b Universidad de Costa Rica 
260 |c 1976 
300 |a 51 páginas 
650 |a LINGÜÍSTICA DESCRIPTIVA 
999 |c 18775  |d 18775 
040 |a cru BVZT 
942 |c 15 D  |h 410 T-4t  |2 z